| Tag |
First Indicator |
Second Indicator |
Subfields |
| LEADER |
00000cam a2200000Ma 4500 |
| 001 |
in00003555893 |
| 006 |
m o d |
| 007 |
cr nn||||||||| |
| 008 |
121227s2002 mau o 000 0 eng d |
| 005 |
20260422211757.3 |
| 020 |
|
|
|a 9781461513438 (electronic bk.)
|
| 020 |
|
|
|a 146151343X (electronic bk.)
|
| 035 |
|
|
|a (OCoLC)840283712
|
| 040 |
|
|
|a I9W
|b eng
|e pn
|c I9W
|d OCLCO
|d OCLCQ
|d UV0
|d GW5XE
|d OCLCF
|d UtOrBLW
|
| 049 |
|
|
|a TXAM
|
| 050 |
|
4 |
|a HM545
|
| 082 |
0 |
4 |
|a 301
|2 23
|
| 100 |
1 |
|
|a Plavcan, J. Michael.
|
| 245 |
1 |
0 |
|a Reconstructing Behavior in the Primate Fossil Record /
|c edited by J. Michael Plavcan, Richard F. Kay, William L. Jungers, Carel P. Schaik.
|
| 264 |
|
1 |
|a Boston, MA :
|b Springer US :
|b Imprint :
|b Springer,
|c 2002.
|
| 300 |
|
|
|a 1 online resource (350 pages)
|
| 336 |
|
|
|a text
|b txt
|2 rdacontent
|
| 337 |
|
|
|a computer
|b c
|2 rdamedia
|
| 338 |
|
|
|a online resource
|b cr
|2 rdacarrier
|
| 490 |
1 |
|
|a Advances in Primatology
|
| 520 |
|
|
|a This volume brings together a series of papers that address the topic of reconstructing behavior in the primate fossil record. Here is offered a review of broad issues related to reconstructing various aspects of behavior - such as diet and social systems - from very different types of evidence. For example: comparative analysis and adaptation, ontogenetic evidence, paleoenvironmental and paleo-community analysis, experimental functional analysis, and comparative socioecology. Hopefully, the reader will gain a perspective on the various types of evidence that can be brought to bear on reconstructing behavior, the strengths and weaknesses of different approaches, and, perhaps, new approaches to the topic. Authors review not only the types of evidence that can be used to reconstruct behavior, but also the limitations of the evidence, only emphasizing the weakness of behavioral reconstruction as a basis and inspiration for further research.
|
| 500 |
|
|
|a Electronic resource.
|
| 650 |
|
0 |
|a Social sciences.
|
| 650 |
|
0 |
|a Paleontology.
|
| 650 |
|
0 |
|a Evolution (Biology)
|
| 650 |
|
0 |
|a Anthropology.
|
| 650 |
|
7 |
|a Anthropology.
|2 fast
|0 (OCoLC)fst00810196
|
| 650 |
|
7 |
|a Evolution (Biology)
|2 fast
|0 (OCoLC)fst00917302
|
| 650 |
|
7 |
|a Paleontology.
|2 fast
|0 (OCoLC)fst01051513
|
| 650 |
|
7 |
|a Social sciences.
|2 fast
|0 (OCoLC)fst01122877
|
| 655 |
|
7 |
|a Electronic books.
|2 local
|
| 700 |
1 |
|
|a Kay, Richard F.
|
| 700 |
1 |
|
|a Jungers, William L.
|
| 700 |
1 |
|
|a Schaik, Carel P.
|
| 710 |
2 |
|
|a SpringerLink (Online service)
|
| 830 |
|
0 |
|a Advances in primatology (Plenum Press)
|
| 856 |
4 |
0 |
|u http://proxy.library.tamu.edu/login?url=https://link.springer.com/10.1007/978-1-4615-1343-8
|z Connect to the full text of this electronic book
|t 0
|
| 994 |
|
|
|a 92
|b TXA
|
| 999 |
|
|
|a MARS
|
| 999 |
f |
f |
|s 3c13022b-82cf-340e-81d4-f72d8e496b27
|i c2698d8e-8340-38e1-aad4-85a98741bfae
|t 0
|
| 952 |
f |
f |
|a Texas A&M University
|b College Station
|c Electronic Resources
|s www_evans
|d Available Online
|t 0
|e HM545
|h Library of Congress classification
|
| 998 |
f |
f |
|a HM545
|t 0
|l Available Online
|